| 000 | 01051nas a2200325 4500 | ||
|---|---|---|---|
| 001 | BR2011006262 | ||
| 003 | BR-BrBNA | ||
| 005 | 20231205115645.0 | ||
| 007 | ta | ||
| 008 | 230509b bl.|||p| |||| 00| 00por d | ||
| 040 |
_aBR-BrBNA _bpor _cBiblioteca Nacional de Agricultura |
||
| 041 | _a(En) | ||
| 072 | _aH20 | ||
| 100 | 1 | _aAlmeida, A.M.R. | |
| 100 | 1 | _aSosa-Gomez, D.R. | |
| 100 | 1 | _aBinneck, E. | |
| 100 | 1 | _aMarin, S.R.R. | |
| 100 | 1 | _aZucchi, M.I. | |
| 100 | 1 | _aAbdelnoor, R.V. | |
| 100 | 1 | _aSouto, E.R. | |
| 245 | 1 | _aEffect of crop rotation on specialization and genetic diversity of Macrophomina phaseolina | |
| 246 | 1 | _aEffect of crop rotation on specialization and genetic diversity of Macrophomina phaseolina | |
| 650 | _aMACROPHOMINA PHASEOLINA | ||
| 650 | _aFUNGO | ||
| 650 | _aPOLIMORFISMO | ||
| 650 | _aROTAÇÃO DE CULTURA | ||
| 773 | 0 |
_tTropical Plant Pathology (Brazil) _xISSN 1982-5676 _g(Jul-Aug 2008), v. 33(4) p. 257-264 _wBR2011006262 |
|
| 909 |
_a202311 _bLúcia _c55 _dLúcia Elande |
||
| 942 |
_2AGRIS _n0 _cANA |
||
| 999 |
_c215072 _d215072 |
||